Staging philanthropy : patriotic women and the national imagination in dynastic Germany, 1813-1916

Αποθηκεύτηκε σε:
Λεπτομέρειες βιβλιογραφικής εγγραφής
Κύριος συγγραφέας: Quataert, Jean H. (Jean Helen) 1945-
Μορφή: Βιβλίο
Γλώσσα:English
Δημοσίευση: Ann Arbor : University of Michigan Press, 2001
Σειρά:Social history, popular culture, and politics in Germany
Θέματα:
Ετικέτες: Προσθήκη ετικέτας
Δεν υπάρχουν, Καταχωρήστε ετικέτα πρώτοι!

MARC

LEADER 00000nam a2200000 i 4500
001 1/90107
008 080630s2001 eng d
020 |a 0-472-11171-X 
035 |l 10098548 
040 |a GR-MY-UA  |b gre  |e aacr 
041 0 |a eng 
082 0 |a 361.7082  |2 (22) 
100 1 |a Quataert, Jean H.  |q (Jean Helen)  |d 1945- 
245 1 0 |a Staging philanthropy :  |b patriotic women and the national imagination in dynastic Germany, 1813-1916 /  |c Jean H. Quataert 
260 |a Ann Arbor :   |b University of Michigan Press,   |c 2001 
300 |a xiv, 317 σ.;  |b εικ.;  |c 24 εκ. 
490 1 |a Social history, popular culture, and politics in Germany 
504 |a Περιέχει βιβλιογραφικές παραπομπές και ευρετήριο 
650 0 0 |a Women in charitable work  |z Germany  |x History. 
650 0 0 |a Women philanthropists  |z Germany  |x History. 
650 0 0 |a Patriotism  |z Germany  |x History. 
830 0 |a Social history, popular culture, and politics in Germany 
852 |a INST  |b LESVOS  |e 20080630  |h 361.7082 QUA  |p 005100041674  |q 005100041674  |t BK  |y 0 
901 |a BIBL1-2008-2 
909 |a Λ  |b 144678 
922 |a 1ΕΛΗ  |b 200801  |c ΕΠΕΑΕΚ2/ΤΚΑ  |d ΠΑΠΑΣΩΤΗΡΙΟΥ 
970 |a ΚΑΡΑ  |b ΓΙΑΣΕΜΗ  |z 2008/06/30